Statistics for CAF Champions League Winners

Click here to take the quiz!

General Stats

  • This quiz has been taken 167 times
    (12 since last reset)
  • The average score is 16 of 28

Answer Stats

YearCountryAnswer% Correct
2023-2024EgyptAl Ahly
100%
2008EgyptAl Ahly
100%
2022-2023EgyptAl Ahly
100%
2020-2021EgyptAl Ahly
100%
2001EgyptAl Ahly
100%
2019-2020EgyptAl Ahly
100%
2013EgyptAl Ahly
100%
2005EgyptAl Ahly
100%
2006EgyptAl Ahly
100%
2012EgyptAl Ahly
100%
2002EgyptZamalek
67%
1997MoroccoRaja Casablanca
50%
1999MoroccoRaja Casablanca
50%
2009DR CongoTP Mazembe
50%
2010DR CongoTP Mazembe
50%
2015DR CongoTP Mazembe
50%
2018TunisiaEspérance de Tunis
33%
2018-2019TunisiaEspérance de Tunis
33%
2011TunisiaEspérance de Tunis
33%
2016South AfricaMamelodi Sundowns
33%
2017MoroccoWydad Casablanca
33%
2021-2022MoroccoWydad Casablanca
33%
2014AlgeriaES Sétif
17%
2000GhanaHearts of Oak
17%
1998Ivory CoastASEC Mimosas
0%
2004NigeriaEnyimba
0%
2003NigeriaEnyimba
0%
2007TunisiaÉtoile du Sahel
0%

Score Distribution

Percentile by Number Answered

Percent of People with Each Score

Your Score History

You have not taken this quiz since the last reset